Korporatívne riadenie a jeho vplyv na cenu akcií
Cieľ privatizácie - rýchly prevod vlastníckych práv na rozsiahly majetok zo štátu na súkromný sektor. Vlastnícka štruktúra po kupónovej privatizácii. Relatívny význam jednotlivých akcionárov. Test vysokej vlastníckej koncentrácie. Vplyv vlastníckej štruktúry na ocenenie akcií v kupónovej privatizáci...
Gespeichert in:
| 1. Verfasser: | |
|---|---|
| Format: | Buchkapitel |
| Sprache: | Slowakisch |
| Schlagworte: | |
| Tags: |
Keine Tags, Fügen Sie das erste Tag hinzu!
|
MARC
| LEADER | 00000naa a2200000 4500 | ||
|---|---|---|---|
| 001 | r017624 | ||
| 005 | 20221129133840.6 | ||
| 041 | 0 | |a slo | |
| 044 | |a CZ | ||
| 245 | 1 | 0 | |a Korporatívne riadenie a jeho vplyv na cenu akcií |c A. Marcinčin |
| 520 | |a Cieľ privatizácie - rýchly prevod vlastníckych práv na rozsiahly majetok zo štátu na súkromný sektor. Vlastnícka štruktúra po kupónovej privatizácii. Relatívny význam jednotlivých akcionárov. Test vysokej vlastníckej koncentrácie. Vplyv vlastníckej štruktúry na ocenenie akcií v kupónovej privatizácii. Kupónová cena. Burzová cena. | ||
| 610 | 2 | 0 | |a riadenie |
| 610 | 2 | 0 | |a akcie |
| 610 | 2 | 0 | |a ceny |
| 610 | 2 | 0 | |a privatizácia |
| 610 | 2 | 0 | |a kupóny |
| 610 | 2 | 0 | |a akcionári |
| 610 | 2 | 0 | |a ceny burzové |
| 610 | 2 | 0 | |a vlastníctvo |
| 610 | 2 | 0 | |a fondy investičné |
| 610 | 2 | 0 | |a spoločnosti akciové |
| 100 | 1 | |a Marcinčin, A. | |